000 00876nam a2200241 a 4500
999 _c10758
_d10758
001 10758
003 BD-JhCC
005 20220825134022.0
008 180904s2012 bg |||| |||| 000 0 ben d
020 _a9848747672
035 _a(BD-JhCC)10758
040 _aBD-JhCC
_dBD-JhCC
041 _aben
082 _a220
_bBUK 2012
100 _aবুকাইলি, ড. মরিস
245 _aবাইবেল কোরআন ও বিজ্ঞান /
_c ড. মরিস বুকাইলি অনুবাদক খন্দকার মাশহুদ-উল-হাছান
260 _aঢাকা :
_bজ্ঞান বিতরনী,
_c২০১২
300 _a২৫৪ পৃ. :
_c২০ সেমি.
650 _aBible
650 _aAl-Quran
700 _aমাশহুদ-উল-হাছান, খন্দকার
942 _2ddc
_cBK
_04